000 00325nam a22001457a 4500
008 230502b ||||| |||| 00| 0 eng d
020 _a9780838910061
041 _aeng
080 _a37
082 _a37SMA
100 _a22
101 _aEDU
245 _aLIBRARIANS AS COMMUNITY PARTNERS
_cSMALLWOOD .C
942 _2udc
_cBK
999 _c59651
_d59651